000 00928nam a2200289 i 4500
001 000010295
003 DO-SdBNP
005 20240412074216.0
006 a||||gr|||| 00| 0
007 ta
008 091006e1997 dr a 001 p spa d
040 _aDO-SdBNP
_bspa
_cBNPHU
_erda
082 4 _aRD861.44
_bF363j
_222
100 1 _aFernández, Viviany
_925310
_eautor
245 1 0 _aJardín de suspiro /
_cViviany Fernández; prólogo, Jhonny Guerrero.
264 1 _aSantiago de los Caballeros, República Dominicana
_bMariel,
_c1997
300 _a69 páginas ;
_c21 cm.
336 _2rdacontent
_atexto
_btxt
337 _2rdamedia
_asin mediación
_bn
338 _2rdacarrier
_avolumen
_bnc
590 _aInventariado, 2024 /MF
650 4 _aPoesía dominicana
_966
650 0 _aLiteratura dominicana.
_967
700 1 _aGuerrero, Jhonny,
_eprólogo
_925311
910 _aValidado. Control de calidad MFF
942 _2ddc
_cLBS1
999 _c10054
_d10054